Most common female names starting with K - Statistics

General Stats
  • This quiz has been taken 159 times
  • The average score is 36 of 100
Answer Stats
Hint Answer % Correct
4 Katherine
85%
29 Kate
83%
13 Kim
82%
32 Kay
79%
1 Karen
76%
10 Katie
76%
2 Kimberly
71%
98 Kris
71%
74 Katy
69%
5 Kelly
69%
18 Kylie
67%
26 Kristi
65%
11 Kristin
65%
19 Kara
62%
8 Kathy
62%
34 Kari
61%
6 Kayla
60%
23 Karla
57%
17 Kristina
57%
31 Kendall
55%
52 Kassandra
52%
45 Kira
52%
37 Kirsten
52%
60 Karin
51%
21 Kendra
51%
9 Kristen
51%
40 Khloe
50%
24 Kristine
50%
44 Kyla
49%
56 Kali
48%
20 Katrina
48%
27 Kelli
45%
3 Kathleen
44%
15 Kaylee
43%
22 Kennedy
43%
33 Karina
42%
89 Kourtney
42%
28 Krista
40%
41 Kerry
39%
87 Kori
38%
12 Kaitlyn
37%
14 Kelsey
37%
53 Kasey
36%
66 Kassidy
36%
16 Katelyn
36%
36 Kiara
36%
30 Kristy
36%
46 Kyra
36%
7 Kathryn
35%
39 Kellie
35%
50 Kayleigh
33%
76 Kamila
32%
59 Kiana
32%
48 Kimberley
32%
35 Kaitlin
30%
51 Keira
30%
49 Kerri
30%
42 Kinsley
30%
77 Kaia
29%
96 Kenna
29%
25 Krystal
29%
100 Kallie
27%
99 Kathie
26%
67 Kenzie
26%
38 Kylee
26%
86 Kaila
25%
64 Keisha
25%
63 Kaylie
24%
54 Keri
23%
61 Kenya
21%
65 Kiera
21%
92 Karyn
20%
47 Kristie
20%
55 Katelynn
19%
57 Katharine
19%
43 Kelley
19%
90 Kaley
18%
62 Kamryn
18%
70 Kelsie
18%
58 Kailey
17%
71 Kinley
17%
95 Kacie
15%
68 Karissa
14%
69 Kyleigh
14%
72 Kaylin
12%
84 Kennedi
12%
79 Kimberlee
12%
73 Kiley
11%
81 Kaleigh
10%
97 Keely
10%
88 Kailyn
8%
94 Kailee
7%
91 Karlee
7%
75 Katlyn
7%
83 Kaelyn
6%
80 Kaitlynn
6%
82 Kierra
6%
78 Kaydence
5%
85 Kiersten
5%
93 Krystle
0%
No matching quizzes found
Score Distribution
Percent of People with Each Score
Percentile by Number Answered
Your Score History
You have not taken this quiz